Supernatural - Demon's Initials - Statistics

General Stats
  • This quiz has been taken 717 times
  • The average score is 5 of 9
Answer Stats
Hint Answer % Correct
C Crowley
94%
R Ruby
83%
A Azazel
78%
L Lilith
70%
MM Meg Masters
70%
A Alastair
54%
A Abaddon
51%
C Cain
28%
CD Crossroads Demon
10%
No matching quizzes found
Score Distribution
Percent of People with Each Score
Percentile by Number Answered
Your Score History
You have not taken this quiz